Nazwy ojczyste krajów z mapą - Statystyki

Ogólne statystyki
  • Ten quiz został rozwiązany 294 razy
  • Średni wynik to 12 z 45
Odpowiedzi na mapie
Odpowiedzi zakodowano w zielono-czerwonej skali na mapie do tego quizu, zgodnie z poniższymi procentami.
 
Statystyki odpowiedzi
Nazwa Ojczysta % Poprawnych
Polska
97%
Italia
60%
Deutschland
57%
United Kingdom
56%
France
55%
Espana
46%
Portugal
46%
Andorra
44%
San Marino
43%
Österreich
41%
Suomi
40%
Liechtenstein
38%
Malta
37%
Monaco
36%
Ukraina
35%
Ísland
33%
România
29%
Schweiz
28%
Norge
24%
Eire
22%
Česká Republika
21%
Hrvatska
21%
Moldova
21%
Sverige
20%
Slovensko
19%
België
18%
Lietuva
17%
Nederland
17%
Magyarország
16%
Eesti
15%
Danmark
14%
Elláda
12%
Latvija
10%
Srbija
10%
Slovenija
9%
Rossiya
7%
Crna Gora
6%
Kosova
6%
Shqipëri
6%
Bosna i Hercegovina
4%
Città del Vaticano
4%
Lëtzebuerg
4%
Makedonija
4%
Bŭlgariya
1%
Bielarús
0%
Nie znaleziono quizów pasujących do podanych kryteriów
Rozkład punktacji
Procent ludzi z każdym wynikiem
Percentyl według liczby udzielonych odpowiedzi
Twoja historia wyników
Nie rozwiązałeś tego quizu